TV Employers Quiz Stats

 Plays Quiz Updated Mar 9, 2016

Also try: TV Employers II
Challenge
Share
Tweet
Embed
Score 0/36 Timer 06:00
0 Plays Today
Employer Sitcom % Correct
4077th Mobile Army Surgical HospitalM*A*S*H
89.2%
Dunder Mifflin Paper CompanyThe Office
84.7%
Springfield Nuclear Power PlantThe Simpsons
77.8%
Tool TimeHome Improvement
73.8%
Sunshine Cab CompanyTaxi
59.1%
Mayberry Sheriff's OfficeThe Andy Griffith Show
58.8%
Spacely's SprocketsThe Jetsons
57.6%
Slate Rock and Gravel CompanyThe Flintstones
56.6%
Jefferson CleanersThe Jeffersons
53.9%
KACL-AM SeattleFrasier
53.1%
Sacred Heart HospitalScrubs
51.5%
The Bluth CompanyArrested Development
49.5%
Gary's Shoes and Accessories for Today's WomanMarried... with Children
48.4%
International Parcel ServiceThe King of Queens
48.4%
TGS with Tracy Jordan30 Rock
47.2%
Minnesota State UniversityCoach
44.9%
CONTROLGet Smart
37.4%
Sugarbaker DesignsDesigning Women
37.1%
Employer Sitcom % Correct
Shotz BreweryLaverne and Shirley
35.3%
WJM-TV Minneapolis The Mary Tyler Moore Show
29.9%
The Alan Brady ShowThe Dick Van Dyke Show
29.5%
Camp Henderson, United States Marine Corps.Gomer Pyle, U.S.M.C.
29.4%
The Stratford InnNewhart
28.9%
The Tropicana ClubI Love Lucy
26.6%
Planet ExpressFuturama
26.1%
McMann and Tate AdvertisingBewitched
23.7%
FYI Murphy Brown
23.5%
Winford-Lauder Department StoreThe Drew Carey Show
23.2%
Gotham Bus CompanyThe Honeymooners
23.2%
WNYX-AM New YorkNewsRadio
18.5%
James Buchanan High SchoolWelcome Back Kotter
17.7%
The Shady Rest HotelPetticoat Junction
13.4%
NYPD 12th PrecinctBarney Miller
13.2%
Ed Brown's GarageChico and the Man
10%
Gateman, Goodbury and Graves Funeral HomeThe Munsters
8%
Prendergast Tool and Die CompanyAll in the Family
2.1%

You're not logged in!

Compare scores with friends on all Sporcle quizzes.
Join for Free
OR
Log In

You Might Also Like...

Show Comments

Extras

Top Quizzes Today


Score Distribution

Your Account Isn't Verified!

In order to create a playlist on Sporcle, you need to verify the email address you used during registration. Go to your Sporcle Settings to finish the process.

Report this User

Report this user for behavior that violates our Community Guidelines.

Details: